Le harcèlement sexuel sur le lieu de travail dans l'Union européenne
محفوظ في:
| التنسيق: | كتاب |
|---|---|
| اللغة: | الفرنسية |
| منشور في: |
Bruselas
Communautés Européennes
1999
|
| سلاسل: | Emploi & Affaires Sociales
|
| الموضوعات: | |
| الوسوم: |
إضافة وسم
لا توجد وسوم, كن أول من يضع وسما على هذه التسجيلة!
|
MARC
| LEADER | 00000nam a2200000 a 4500 | ||
|---|---|---|---|
| 001 | UCM5024 | ||
| 003 | CL-VaPUC | ||
| 008 | 020927e19990000be |||||||||||||||||fre|d | ||
| 082 | 0 | 4 | |a 331.4133 |b HAR |2 21 |
| 245 | 1 | 3 | |a Le harcèlement sexuel sur le lieu de travail dans l'Union européenne |
| 300 | |a 230 p | ||
| 942 | |c BK | ||
| 945 | |d 20020927 00:00:00 |a cmena | ||
| 260 | |a Bruselas |b Communautés Européennes |c 1999 | ||
| 600 | 0 | 7 | |a UNION EUROPEA |2 CL-VaPUC |9 320734 |
| 650 | 0 | |a Discriminación de la mujer |9 429690 | |
| 650 | 7 | |a DISCRIMINACION LABORAL |2 CL-VaPUC |9 410817 | |
| 650 | 0 | |a Igualdad de oportunidades |9 331873 | |
| 650 | 0 | |a Mujeres trabajadoras |9 259236 | |
| 583 | |a last modification |c 20171005 03:10:02 |k Rodrigo Vera | ||
| 490 | 0 | |a Emploi & Affaires Sociales | |
| 999 | |c 301326 |d 301324 | ||
| 952 | |0 0 |1 0 |4 0 |6 331_413300000000000_HAR_1999 |7 0 |8 A |9 360175 |a BIBDER |b BIBDER |d 2019-11-21 |i 3537269 |o 331.4133 HAR 1999 |p 3537269 |r 2023-01-25 |w 2019-11-21 |y BK |k DER | ||